| Tag |
First Indicator |
Second Indicator |
Subfields |
| LEADER |
00000cam a22000001a 4500 |
| 001 |
in00002077621 |
| 005 |
20151102125330.0 |
| 008 |
901117s1967 enk 000 1 eng |
| 010 |
|
|
|a 67102930
|
| 015 |
|
|
|a B67-7123
|
| 019 |
|
|
|a 51094335
|
| 029 |
1 |
|
|a UKM
|b b6707123
|
| 035 |
|
|
|a (OCoLC)ocm22702846
|
| 040 |
|
|
|a DLC
|c ZRS
|d DLC
|d UKM
|d TXA
|d UtOrBLW
|
| 043 |
|
|
|a e-uk-wl
|
| 049 |
|
|
|a TXAM
|
| 050 |
0 |
0 |
|a PZ3.D2894
|b Ch3
|a PR6007.A78
|
| 082 |
0 |
4 |
|a 823.91
|2 18
|
| 090 |
|
|
|a PR6007.A78
|b C46 1967b
|
| 100 |
1 |
|
|a Davies, Rhys,
|d 1901-1978.
|
| 245 |
1 |
4 |
|a The chosen one :
|b and other stories /
|c Rhys Davies.
|
| 264 |
|
1 |
|a London :
|b Heinemann,
|c 1967.
|
| 300 |
|
|
|a vi, 185 pages ;
|c 21 cm.
|
| 336 |
|
|
|a text
|b txt
|2 rdacontent
|
| 337 |
|
|
|a unmediated
|b n
|2 rdamedia
|
| 338 |
|
|
|a volume
|b nc
|2 rdacarrier
|
| 505 |
0 |
|
|a The chosen one.--The little heiress.--I will keep her company.--The old Adam.--Betty Leyshon's marathon.--The Shriving of Gwenny Treharne.--Love kept waiting.
|
| 651 |
|
0 |
|a Wales
|x Social life and customs
|v Fiction.
|
| 994 |
|
|
|a C0
|b TXA
|
| 948 |
|
|
|a cataloged
|b h
|c 2005/9/21
|d c
|e mzajicek
|f 1:13:12 pm
|
| 999 |
|
|
|a MARS
|
| 999 |
f |
f |
|s 0c827f56-c0d0-3e98-82db-cce7e752bcdd
|i f44cd014-1284-38d6-8ff8-f556d52eabe5
|t 0
|
| 952 |
f |
f |
|p noncirc
|a Texas A&M University
|b College Station
|c Cushing Memorial Library & Archives
|d Cushing: Literature/Mitchell (Does not check out)
|t 0
|e PR6007.A78 C46 1967b
|h Library of Congress classification
|i unmediated -- volume
|
| 998 |
f |
f |
|a PR6007.A78 C46 1967b
|t 0
|l Cushing: Literature/Mitchell (Does not check out)
|